[Event "Titled Tuesday intern op 21st May Late"]
[Site "Chess.com INT"]
[Date "2024.05.21"]
[Round "4"]
[White "Andersson, Bjorn2"]
[Black "Wang, Alexander J"]
[Result "1-0"]
[WhiteElo "2156"]
[BlackElo "1911"]
[PlyCount "163"]
[EventDate "2024.05.21"]
[EventType "swiss (blitz)"]
[EventRounds "11"]
[EventCountry "USA"]
[SourceTitle "CBM 220 Extra"]
[Source "ChessBase"]
[SourceDate "2024.07.31"]
[SourceVersion "1"]
[SourceVersionDate "2024.07.31"]
[SourceQuality "1"]

1. e4 c5 2. Nf3 d6 3. d4 cxd4 4. Nxd4 Nf6 5. Nc3 g6 6. Bc4 Bg7 7. Be3 0-0 8. f3 Nc6 9. Qd2 Bd7 10. 0-0-0 Ne5 11. Bb3 Rc8 12. Bg5 a6 13. f4 Nc4 14. Bxc4 Rxc4 15. e5 dxe5 16. Nb3 exf4 17. Bxf6 Bxf6 18. Qxd7 Qxd7 19. Rxd7 Bxc3 20. bxc3 Rxc3 21. Kb2 Rfc8 22. Rc1 e5 23. Rxb7 e4 24. Re7 e3 25. h4 Kf8 26. Re4 R3c4 27. Rxc4 Rxc4 28. c3 h6 29. Nd4 g5 30. Kb3 Rc8 31. c4 g4 32. Rf1 Re8 33. Ne2 Rd8 34. Rxf4 Rd2 35. Nc3 Rxg2 36. Re4 f5 37. Rxe3 f4 38. Re4 f3 39. c5 f2 40. Rf4+ Ke8 41. Kc4 g3 42. Kd5 Rg1 43. Ne4 f1Q 44. Rxf1 Rxf1 45. Nxg3 Rd1+ 46. Ke6 Re1+ 47. Kd6 Kd8 48. Nf5 Re4 49. c6 Kc8 50. h5 a5 51. Ne7+ Rxe7 52. Kxe7 Kc7 53. Kf6 Kxc6 54. Kg6 Kc5 55. Kxh6 Kb4 56. Kg7 Ka3 57. h6 Kxa2 58. h7 a4 59. h8Q a3 60. Kf7 Kb1 61. Qh7+ Kb2 62. Qg7+ Kb1 63. Qg6+ Kb2 64. Qf6+ Kb1 65. Qf5+ Kb2 66. Qe5+ Ka2 67. Ke6 Kb1 68. Qe4+ Kb2 69. Qd4+ Kb1 70. Qd3+ Kb2 71. Qd2+ Kb1 72. Qb4+ Ka2 73. Kd5 Ka1 74. Qc3+ Kb1 75. Qxa3 Kc2 76. Kd4 Kb1 77. Qg3 Kc2 78. Qf2+ Kb3 79. Qg2 Kb4 80. Qb2+ Ka5 81. Kc5 Ka6 82. Qb6# 1-0

[Event "Titled Tuesday intern op 21st May Late"]
[Site "Chess.com INT"]
[Date "2024.05.21"]
[Round "1"]
[White "Osmak, Iulija"]
[Black "Wang, Alexander J"]
[Result "1-0"]
[WhiteElo "2460"]
[BlackElo "1911"]
[PlyCount "77"]
[EventDate "2024.05.21"]
[EventType "swiss (blitz)"]
[EventRounds "11"]
[EventCountry "USA"]
[SourceTitle "CBM 220 Extra"]
[Source "ChessBase"]
[SourceDate "2024.07.31"]
[SourceVersion "1"]
[SourceVersionDate "2024.07.31"]
[SourceQuality "1"]

1. b3 d5 2. Bb2 Nc6 3. e3 e5 4. Nf3 Bd6 5. Bb5 f6 6. d4 e4 7. Nfd2 a6 8. Be2 Nge7 9. c4 Nb4 10. c5 Bxc5 11. dxc5 Nd3+ 12. Bxd3 exd3 13. Nf3 Bf5 14. Nbd2 Be4 15. 0-0 0-0 16. Nd4 Qd7 17. f3 Bg6 18. Rc1 b6 19. Ba3 Rac8 20. c6 Qe8 21. Qe1 Rf7 22. Qf2 Nf5 23. Nxf5 Bxf5 24. e4 Be6 25. Rfe1 dxe4 26. Nxe4 Rd8 27. Qd2 h6 28. Nf2 f5 29. Re3 Rf6 30. Rxd3 Rxd3 31. Nxd3 Qg6 32. Nf4 Qf7 33. Nxe6 Rxe6 34. Qd7 Qf6 35. Bb2 Qg6 36. Qxc7 Re2 37. Qxg7+ Qxg7 38. Bxg7 Kxg7 39. c7 1-0

[Event "Titled Tuesday intern op 21st May Late"]
[Site "Chess.com INT"]
[Date "2024.05.21"]
[Round "2"]
[White "Sajin, Mirko"]
[Black "Wang, Alexander J"]
[Result "1-0"]
[WhiteElo "2294"]
[BlackElo "1911"]
[PlyCount "61"]
[EventDate "2024.05.21"]
[EventType "swiss (blitz)"]
[EventRounds "11"]
[EventCountry "USA"]
[SourceTitle "CBM 220 Extra"]
[Source "ChessBase"]
[SourceDate "2024.07.31"]
[SourceVersion "1"]
[SourceVersionDate "2024.07.31"]
[SourceQuality "1"]

1. Nf3 d5 2. b3 c5 3. Bb2 Nc6 4. e3 e6 5. d4 Nf6 6. Be2 Be7 7. 0-0 0-0 8. c4 b6 9. Nc3 Bb7 10. dxc5 bxc5 11. cxd5 exd5 12. Rc1 a6 13. Na4 Qa5 14. Bc3 Nb4 15. a3 Ne4 16. axb4 cxb4 17. Be1 Rac8 18. Nd4 Rxc1 19. Qxc1 Nc5 20. Nxc5 Qxc5 21. Qxc5 Bxc5 22. Bd2 Re8 23. Bf3 f6 24. Rc1 Bb6 25. Bxb4 Kf7 26. Kf1 a5 27. Ba3 g6 28. Nc6 Rc8 29. Bxd5+ Kg7 30. Ne7 Rxc1+ 31. Bxc1 1-0

[Event "Titled Tuesday intern op 21st May Late"]
[Site "Chess.com INT"]
[Date "2024.05.21"]
[Round "9"]
[White "Thiel, Thomas"]
[Black "Wang, Alexander J"]
[Result "1-0"]
[WhiteElo "2129"]
[BlackElo "1911"]
[PlyCount "83"]
[EventDate "2024.05.21"]
[EventType "swiss (blitz)"]
[EventRounds "11"]
[EventCountry "USA"]
[SourceTitle "CBM 220 Extra"]
[Source "ChessBase"]
[SourceDate "2024.07.31"]
[SourceVersion "1"]
[SourceVersionDate "2024.07.31"]
[SourceQuality "1"]

1. e4 c5 2. c3 Nf6 3. e5 Nd5 4. Bc4 Nb6 5. Bb3 Nc6 6. Nf3 e6 7. 0-0 d5 8. exd6 Bxd6 9. d4 0-0 10. Be3 c4 11. Bc2 Nd5 12. Qe2 b5 13. Bg5 Be7 14. Qe4 g6 15. Qh4 Bf6 16. Nbd2 h5 17. a4 Ba6 18. axb5 Bxb5 19. Ne4 Bxg5 20. Nfxg5 Kg7 21. Nc5 Qd6 22. Nge4 Qf4 23. Qxf4 Nxf4 24. Ba4 a6 25. Nd6 Nd3 26. Nxb5 axb5 27. Bxb5 Rab8 28. Bxc6 Nxc5 29. dxc5 Rxb2 30. Bf3 Rc8 31. Ra5 Rc2 32. c6 Rxc3 33. Rc5 f5 34. c7 Rb3 35. Rxc4 Rb6 36. h4 e5 37. Bd5 e4 38. Ra1 Kf6 39. Ra7 Ke7 40. Rc6 Rb1+ 41. Kh2 Rd1 42. Be6 1-0

[Event "Titled Tuesday intern op 21st May Late"]
[Site "Chess.com INT"]
[Date "2024.05.21"]
[Round "8"]
[White "Wang, Alexander J"]
[Black "Rohwer, Paul"]
[Result "0-1"]
[WhiteElo "1911"]
[BlackElo "2225"]
[PlyCount "160"]
[EventDate "2024.05.21"]
[EventType "swiss (blitz)"]
[EventRounds "11"]
[EventCountry "USA"]
[SourceTitle "CBM 220 Extra"]
[Source "ChessBase"]
[SourceDate "2024.07.31"]
[SourceVersion "1"]
[SourceVersionDate "2024.07.31"]
[SourceQuality "1"]

1. e4 Nf6 2. e5 Nd5 3. d4 d6 4. c4 Nb6 5. exd6 exd6 6. Nc3 Be7 7. Nf3 0-0 8. Be2 Bg4 9. b3 Nc6 10. 0-0 d5 11. c5 Nc8 12. a3 a5 13. Rb1 Bf6 14. Be3 N8e7 15. Qd3 Bf5 16. Qd2 Bxb1 17. Rxb1 Nf5 18. b4 Nxe3 19. fxe3 axb4 20. axb4 Ne7 21. Bd3 g6 22. Rf1 Bg7 23. Nb5 Nc6 24. Rb1 Qe7 25. Kf2 Bh6 26. Re1 Rfe8 27. h4 Ra4 28. g4 Nxb4 29. g5 Nxd3+ 30. Qxd3 Bg7 31. Nc3 Ra3 32. Qd2 c6 33. Qb2 Ra7 34. e4 dxe4 35. Rxe4 Qd8 36. Qb6 Ra3 37. Ne2 Ra2 38. Kg2 Bf8 39. Qxd8 Rxd8 40. Kg3 b6 41. cxb6 Bd6+ 42. Nf4 Rb2 43. Kg4 Rxb6 44. h5 Bxf4 45. Rxf4 gxh5+ 46. Kxh5 Rb4 47. Kg4 Rd5 48. Ne5 Rbxd4 49. Nxc6 Rxf4+ 50. Kxf4 Rc5 51. Ne7+ Kf8 52. Nf5 Rc4+ 53. Kf3 Rc3+ 54. Kf4 Rc1 55. Kg4 Rg1+ 56. Kf4 Ke8 57. Ng7+ Ke7 58. Nf5+ Ke6 59. Nd4+ Kd5 60. Nf3 Ra1 61. Nh4 Ra4+ 62. Kg3 Ke5 63. Nf3+ Kf5 64. Kf2 Ra2+ 65. Ke3 Ra3+ 66. Ke2 Ke4 67. Nd2+ Kf4 68. Nc4 Ra2+ 69. Kf1 Kxg5 70. Ne5 f6 71. Nf7+ Kf4 72. Nd6 h5 73. Kg1 Kg3 74. Nf5+ Kf4 75. Nh4 Kg4 76. Ng6 h4 77. Ne7 h3 78. Nd5 Kg3 79. Kf1 h2 80. Ne3 h1Q# 0-1

[Event "Titled Tuesday intern op 23rd Apr Late"]
[Site "Chess.com INT"]
[Date "2024.04.23"]
[Round "2"]
[White "Wang, Alexander J"]
[Black "Dilanyan, Grigor"]
[Result "0-1"]
[WhiteElo "1911"]
[BlackElo "2174"]
[PlyCount "64"]
[EventDate "2024.04.23"]
[EventType "swiss (blitz)"]
[EventRounds "11"]
[EventCountry "USA"]
[SourceTitle "CBM 219 Extra"]
[Source "ChessBase"]
[SourceDate "2024.05.31"]
[SourceVersion "1"]
[SourceVersionDate "2024.05.31"]
[SourceQuality "1"]

1. e4 e5 2. Nf3 Nc6 3. Bb5 a6 4. Ba4 Nf6 5. d4 exd4 6. 0-0 d5 7. Nxd4 Bd7 8. exd5 Nxd5 9. Nxc6 bxc6 10. Re1+ Be7 11. c4 Nf6 12. Nc3 0-0 13. Bf4 Rb8 14. Rb1 Bb4 15. Qf3 Bg4 16. Qxc6 Bxc3 17. bxc3 Rxb1 18. Rxb1 Bd7 19. Qxa6 Bxa4 20. Qxa4 Qd3 21. Qb3 Ne4 22. Rc1 Qe2 23. Qc2 Qxc4 24. Be5 Re8 25. Bd4 c5 26. Be3 Ra8 27. Qb3 Qd3 28. Qb7 Re8 29. h3 h6 30. Qc6 Re6 31. Qc8+ Kh7 32. a4 Nxc3 0-1

[Event "Titled Tuesday intern op 16th Apr Late"]
[Site "Chess.com INT"]
[Date "2024.04.16"]
[Round "3"]
[White "Bynum, Jacorey"]
[Black "Wang, Alexander J"]
[Result "1-0"]
[WhiteElo "1966"]
[BlackElo "1911"]
[PlyCount "55"]
[EventDate "2024.04.16"]
[EventType "swiss (blitz)"]
[EventRounds "11"]
[EventCountry "USA"]
[SourceTitle "CBM 219 Extra"]
[Source "ChessBase"]
[SourceDate "2024.05.31"]
[SourceVersion "1"]
[SourceVersionDate "2024.05.31"]
[SourceQuality "1"]

1. e4 c5 2. Nf3 d6 3. d4 cxd4 4. Nxd4 Nf6 5. Nc3 g6 6. Bc4 Bg7 7. 0-0 0-0 8. Bb3 Nc6 9. Re1 Bg4 10. f3 Bd7 11. Be3 Ne8 12. Qd2 Nc7 13. Rad1 Rc8 14. a3 Ne6 15. Nd5 Nc7 16. Nxc6 bxc6 17. Nc3 c5 18. Nd5 e6 19. Nxc7 Qxc7 20. Qxd6 Qxd6 21. Rxd6 Bc6 22. c3 Rb8 23. Bc4 Bb5 24. Ba2 Ba4 25. Re2 Rfc8 26. Red2 Bb3 27. Bxb3 Rxb3 28. Rd8+ 1-0

[Event "Titled Tuesday intern op 16th Apr Late"]
[Site "Chess.com INT"]
[Date "2024.04.16"]
[Round "5"]
[White "Mirzoev, Azer"]
[Black "Wang, Alexander J"]
[Result "1-0"]
[WhiteElo "2447"]
[BlackElo "1911"]
[PlyCount "57"]
[EventDate "2024.04.16"]
[EventType "swiss (blitz)"]
[EventRounds "11"]
[EventCountry "USA"]
[SourceTitle "CBM 219 Extra"]
[Source "ChessBase"]
[SourceDate "2024.05.31"]
[SourceVersion "1"]
[SourceVersionDate "2024.05.31"]
[SourceQuality "1"]

1. c4 e6 2. Nc3 d5 3. e3 c5 4. cxd5 exd5 5. d4 c4 6. g3 Nc6 7. Bg2 Nf6 8. Nge2 Be6 9. Nf4 Bb4 10. 0-0 0-0 11. Bd2 Re8 12. a3 Bd6 13. Ncxd5 Nxd5 14. Nxd5 Bxd5 15. Bxd5 Bxg3 16. Bxf7+ Kxf7 17. fxg3+ Kg8 18. Qf3 Rf8 19. Qe4 Qd6 20. Rxf8+ Rxf8 21. Bc3 Kh8 22. d5 Qe7 23. Qxe7 Nxe7 24. e4 Rd8 25. Kg2 Kg8 26. h4 Kf7 27. Rf1+ Kg8 28. Kf3 Rf8+ 29. Ke2 1-0

[Event "Titled Tuesday intern op 02nd Apr Late"]
[Site "Chess.com INT"]
[Date "2024.04.02"]
[Round "6"]
[White "Wang, Alexander J"]
[Black "Kazmaier, Daniel"]
[Result "0-1"]
[WhiteElo "1911"]
[BlackElo "2180"]
[PlyCount "38"]
[EventDate "2024.04.02"]
[EventType "swiss (blitz)"]
[EventRounds "11"]
[EventCountry "USA"]
[SourceTitle "CBM 219 Extra"]
[Source "ChessBase"]
[SourceDate "2024.05.31"]
[SourceVersion "1"]
[SourceVersionDate "2024.05.31"]
[SourceQuality "1"]

1. e4 e6 2. d4 d5 3. e5 c5 4. c3 Qb6 5. Nf3 Bd7 6. Be2 Bb5 7. 0-0 Nc6 8. Be3 Bxe2 9. Qxe2 c4 10. Na3 Bxa3 11. bxa3 Nge7 12. Rab1 Qa6 13. Qb2 b6 14. a4 Qxa4 15. Qb5 Qxb5 16. Rxb5 h6 17. Rfb1 Kd7 18. a4 Rhb8 19. a5 Nxa5 0-1

[Event "Titled Tuesday intern op 02nd Apr Late"]
[Site "Chess.com INT"]
[Date "2024.04.02"]
[Round "9"]
[White "Wang, Alexander J"]
[Black "Korol, Dimitry"]
[Result "0-1"]
[WhiteElo "1911"]
[BlackElo "2287"]
[PlyCount "64"]
[EventDate "2024.04.02"]
[EventType "swiss (blitz)"]
[EventRounds "11"]
[EventCountry "USA"]
[SourceTitle "CBM 219 Extra"]
[Source "ChessBase"]
[SourceDate "2024.05.31"]
[SourceVersion "1"]
[SourceVersionDate "2024.05.31"]
[SourceQuality "1"]

1. e4 c5 2. Nf3 d6 3. d4 cxd4 4. Nxd4 Nf6 5. Nc3 g6 6. g3 Nc6 7. Bg2 Nxd4 8. Qxd4 Bg7 9. Qd1 0-0 10. 0-0 Bg4 11. f3 Be6 12. Be3 Qa5 13. Qd2 Rfc8 14. Rad1 b5 15. a3 Rab8 16. Bd4 Rc4 17. b3 Nxe4 18. Nxe4 Qxd2 19. Rxd2 Rxd4 20. Rfd1 Rxd2 21. Rxd2 Rc8 22. Bf1 a6 23. Bd3 Bb2 24. a4 bxa4 25. bxa4 a5 26. Kg2 Bc3 27. Rd1 Bb4 28. Rb1 Bd7 29. Bb5 Rxc2+ 30. Kg1 Bh3 31. Nf2 Bc5 32. Rf1 Bxf1 0-1

[Event "Titled Tuesday intern op 26th Mar Late"]
[Site "Chess.com INT"]
[Date "2024.03.26"]
[Round "11"]
[White "Wang, Alexander J"]
[Black "Minina, Veronika"]
[Result "1-0"]
[WhiteElo "1911"]
[BlackElo "2057"]
[PlyCount "61"]
[EventDate "2024.03.26"]
[EventType "swiss (blitz)"]
[EventRounds "11"]
[EventCountry "USA"]
[SourceTitle "EXT 2025"]
[Source "ChessBase"]
[SourceDate "2024.10.14"]
[SourceVersion "1"]
[SourceVersionDate "2024.10.14"]
[SourceQuality "1"]

1. e4 c5 2. Nf3 g6 3. d4 cxd4 4. Nxd4 Bg7 5. Nc3 Nc6 6. Be3 Nf6 7. f3 0-0 8. Bc4 d6 9. 0-0 Qb6 10. Rb1 Nxe4 11. Nf5 Nxc3 12. bxc3 Qc7 13. Nxg7 Kxg7 14. Qd2 Ne5 15. Bh6+ Kg8 16. Bxf8 Kxf8 17. Qh6+ Kg8 18. Bd3 Qxc3 19. Rbe1 Be6 20. f4 Nxd3 21. cxd3 Qxd3 22. f5 Bc4 23. fxg6 hxg6 24. Rf3 Qd5 25. Rh3 Qd4+ 26. Kh1 Qg7 27. Qh4 Bxa2 28. Qxe7 Be6 29. Qxb7 Qf8 30. Rxe6 Rb8 31. Rxg6+ 1-0

[Event "Titled Tuesday intern op 26th Mar Late"]
[Site "Chess.com INT"]
[Date "2024.03.26"]
[Round "7"]
[White "Wang, Alexander J"]
[Black "Morales, Carlos1"]
[Result "1-0"]
[WhiteElo "1911"]
[BlackElo "2128"]
[PlyCount "149"]
[EventDate "2024.03.26"]
[EventType "swiss (blitz)"]
[EventRounds "11"]
[EventCountry "USA"]
[SourceTitle "EXT 2025"]
[Source "ChessBase"]
[SourceDate "2024.10.14"]
[SourceVersion "1"]
[SourceVersionDate "2024.10.14"]
[SourceQuality "1"]

1. e4 c6 2. d4 d5 3. f3 dxe4 4. fxe4 e5 5. Nf3 Bg4 6. Bc4 Nd7 7. c3 Bd6 8. 0-0 Ngf6 9. Bg5 0-0 10. Nbd2 h6 11. Be3 Qe7 12. h3 Bh5 13. Bd3 b5 14. Re1 a6 15. Qc2 Rfe8 16. a4 Qe6 17. axb5 axb5 18. b3 Bf8 19. c4 exd4 20. Nxd4 Qe5 21. Rxa8 Rxa8 22. N2f3 Bxf3 23. Nxf3 Qh5 24. Bd4 Bc5 25. Qf2 Bxd4 26. Qxd4 bxc4 27. Bxc4 Re8 28. e5 c5 29. Qd6 Nxe5 30. Nxe5 Re6 31. Bxe6 fxe6 32. Qxe6+ Kh7 33. Qf7 Qg5 34. Nf3 Qf4 35. Qe6 Qb4 36. Qe3 c4 37. bxc4 Qxc4 38. Rc1 Qf7 39. Qd3+ Qg6 40. Qxg6+ Kxg6 41. Re1 Kf5 42. Kf2 Ne4+ 43. Rxe4 Kxe4 44. Ke2 Kf4 45. Kf2 g5 46. Nh2 Ke4 47. Nf3 Kf4 48. Nd2 h5 49. Nc4 h4 50. Nd6 g4 51. Nf7 gxh3 52. gxh3 Ke4 53. Nh6 Kf4 54. Ng4 Ke4 55. Nf6+ Kf4 56. Nd7 Ke4 57. Nf8 Kf4 58. Ng6+ Kg5 59. Ne7 Kf4 60. Nd5+ Ke4 61. Ne3 Kf4 62. Ng4 Ke4 63. Ke2 Kf4 64. Nf2 Kg3 65. Ke3 Kg2 66. Kf4 Kh2 67. Kg4 Kg2 68. Kxh4 Kxf2 69. Kg5 Kf3 70. h4 Kg3 71. h5 Kh3 72. h6 Kg2 73. h7 Kg1 74. h8Q Kf1 75. Qb2 1-0

[Event "Titled Tuesday intern op 26th Mar Late"]
[Site "Chess.com INT"]
[Date "2024.03.26"]
[Round "5"]
[White "Wang, Alexander J"]
[Black "Schuster, Karsten"]
[Result "1-0"]
[WhiteElo "1911"]
[BlackElo "2290"]
[PlyCount "105"]
[EventDate "2024.03.26"]
[EventType "swiss (blitz)"]
[EventRounds "11"]
[EventCountry "USA"]
[SourceTitle "EXT 2025"]
[Source "ChessBase"]
[SourceDate "2024.10.14"]
[SourceVersion "1"]
[SourceVersionDate "2024.10.14"]
[SourceQuality "1"]

1. e4 d5 2. exd5 Qxd5 3. Nf3 Bg4 4. Be2 c6 5. 0-0 Nf6 6. Nc3 Qd8 7. h3 Bh5 8. d4 e6 9. Be3 Bd6 10. Qd2 0-0 11. Rad1 Qc7 12. Bg5 Nbd7 13. Ne1 Bg6 14. Bd3 Nd5 15. Bxg6 hxg6 16. Nxd5 cxd5 17. c3 b5 18. Nd3 a5 19. Bf4 Bxf4 20. Qxf4 Qxf4 21. Nxf4 b4 22. Rc1 Rfc8 23. Rc2 bxc3 24. Rxc3 Rab8 25. Rfc1 Rxc3 26. bxc3 Rb2 27. c4 dxc4 28. Rxc4 Rxa2 29. Rc8+ Nf8 30. d5 e5 31. Nd3 f6 32. Nc5 Rc2 33. d6 Kf7 34. Rc7+ Ke8 35. Rc8+ Kf7 36. Rc7+ Kg8 37. Nb7 Rd2 38. Rc8 Kf7 39. Rc7+ Ke6 40. Re7+ Kf5 41. Rf7 Ne6 42. d7 a4 43. Re7 Nf8 44. g4+ Kf4 45. d8Q Rxd8 46. Nxd8 a3 47. Ra7 f5 48. Rxa3 Nh7 49. Ne6+ Ke4 50. Nxg7 Ng5 51. Re3+ Kf4 52. gxf5 gxf5 53. Nh5# 1-0

[Event "Titled Tuesday intern op 19th Mar Late"]
[Site "Chess.com INT"]
[Date "2024.03.19"]
[Round "6"]
[White "Ardila, Oscar Humberto"]
[Black "Wang, Alexander J"]
[Result "1-0"]
[WhiteElo "1971"]
[BlackElo "1911"]
[PlyCount "55"]
[EventDate "2024.03.19"]
[EventType "swiss (blitz)"]
[EventRounds "11"]
[EventCountry "USA"]
[SourceTitle "EXT 2025"]
[Source "ChessBase"]
[SourceDate "2024.10.14"]
[SourceVersion "1"]
[SourceVersionDate "2024.10.14"]
[SourceQuality "1"]

1. d4 d5 2. c4 e6 3. Nc3 c5 4. Nf3 Nc6 5. e3 Nf6 6. Bd2 Be7 7. Be2 0-0 8. dxc5 Bxc5 9. 0-0 d4 10. exd4 Nxd4 11. Nxd4 Bxd4 12. Qc2 Bb6 13. Bg5 h6 14. Bh4 g5 15. Bg3 Bc7 16. Rad1 Qe7 17. f4 g4 18. Ne4 Nh7 19. c5 f5 20. Nd2 Nf6 21. b4 Bd7 22. Bc4 Kh7 23. Rfe1 Rae8 24. Bh4 Qf7 25. Bg3 Nh5 26. Rf1 Nxg3 27. hxg3 Bc6 28. Rfe1 1-0

[Event "Titled Tuesday intern op 19th Mar Late"]
[Site "Chess.com INT"]
[Date "2024.03.19"]
[Round "11"]
[White "Delgado Kuffo, Andres"]
[Black "Wang, Alexander J"]
[Result "1-0"]
[WhiteElo "2320"]
[BlackElo "1911"]
[PlyCount "47"]
[EventDate "2024.03.19"]
[EventType "swiss (blitz)"]
[EventRounds "11"]
[EventCountry "USA"]
[SourceTitle "EXT 2025"]
[Source "ChessBase"]
[SourceDate "2024.10.14"]
[SourceVersion "1"]
[SourceVersionDate "2024.10.14"]
[SourceQuality "1"]

1. e4 c5 2. Nf3 d6 3. d4 cxd4 4. Qxd4 Nf6 5. e5 Nc6 6. Bb5 dxe5 7. Qxd8+ Kxd8 8. Bxc6 bxc6 9. Nxe5 Ke8 10. 0-0 Bb7 11. Be3 e6 12. Nd2 Bd6 13. Nec4 Bc7 14. Bc5 Ba6 15. Rfd1 Nd5 16. Nd6+ Bxd6 17. Bxd6 Rd8 18. Ba3 Nb6 19. b3 Nd5 20. Ne4 f6 21. Nd6+ Rxd6 22. Bxd6 Kd7 23. Bc5 e5 24. c4 1-0

[Event "Titled Tuesday intern op 19th Mar Late"]
[Site "Chess.com INT"]
[Date "2024.03.19"]
[Round "4"]
[White "Wang, Alexander J"]
[Black "Gatterer, Florian"]
[Result "0-1"]
[WhiteElo "1911"]
[BlackElo "2170"]
[PlyCount "84"]
[EventDate "2024.03.19"]
[EventType "swiss (blitz)"]
[EventRounds "11"]
[EventCountry "USA"]
[SourceTitle "EXT 2025"]
[Source "ChessBase"]
[SourceDate "2024.10.14"]
[SourceVersion "1"]
[SourceVersionDate "2024.10.14"]
[SourceQuality "1"]

1. e4 c5 2. Nf3 e6 3. d4 cxd4 4. Nxd4 Nf6 5. Nc3 Nc6 6. g3 Be7 7. Bg2 0-0 8. 0-0 d6 9. Nxc6 bxc6 10. h3 d5 11. exd5 cxd5 12. Be3 Rb8 13. Rb1 Qc7 14. Re1 Bc5 15. Bf4 Bd6 16. Bxd6 Qxd6 17. Ne2 Ba6 18. c3 Bxe2 19. Qxe2 Rfc8 20. Red1 Rb6 21. Rbc1 Rcb8 22. b3 Qe7 23. c4 dxc4 24. Rxc4 Rd6 25. Rdc1 Rbd8 26. Rc8 g6 27. Rxd8+ Rxd8 28. Kh2 e5 29. Rc6 Rd6 30. Qc4 Rxc6 31. Qxc6 e4 32. Qc8+ Kg7 33. Qc3 g5 34. Qe3 Kg6 35. g4 Qe5+ 36. Qg3 Qd4 37. h4 h6 38. h5+ Kg7 39. Kh3 Qd1 40. f3 e3 41. Qe5 e2 42. f4 e1Q 0-1

[Event "Titled Tuesday intern op 19th Mar Late"]
[Site "Chess.com INT"]
[Date "2024.03.19"]
[Round "10"]
[White "Wang, Alexander J"]
[Black "Lutz, Igor Oscar"]
[Result "1-0"]
[WhiteElo "1911"]
[BlackElo "1971"]
[PlyCount "73"]
[EventDate "2024.03.19"]
[EventType "swiss (blitz)"]
[EventRounds "11"]
[EventCountry "USA"]
[SourceTitle "EXT 2025"]
[Source "ChessBase"]
[SourceDate "2024.10.14"]
[SourceVersion "1"]
[SourceVersionDate "2024.10.14"]
[SourceQuality "1"]

1. e4 c5 2. Nf3 Nc6 3. d4 cxd4 4. Nxd4 Nf6 5. Nc3 d6 6. g3 e6 7. Bg2 Be7 8. 0-0 0-0 9. h3 Qb6 10. Be3 Qxb2 11. Qd2 Nxd4 12. Bxd4 Qa3 13. Rab1 e5 14. Be3 b6 15. Nd5 Nxd5 16. exd5 Ba6 17. Rfd1 Rac8 18. Qb4 Qxb4 19. Rxb4 Rxc2 20. Ra4 Be2 21. Rd2 Rxd2 22. Bxd2 a5 23. Be3 Rb8 24. Be4 Bd8 25. Ra3 b5 26. Rc3 b4 27. Rc6 g6 28. Rxd6 a4 29. Ba7 Rc8 30. Bb6 Bxb6 31. Rxb6 b3 32. axb3 axb3 33. Rxb3 Bc4 34. Rc3 Ba6 35. Rxc8+ Bxc8 36. d6 Kf8 37. Bc6 1-0

[Event "Titled Tuesday intern op 12th Mar Late"]
[Site "Chess.com INT"]
[Date "2024.03.12"]
[Round "5"]
[White "Wang, Alexander J"]
[Black "Pavlidou, Ekaterini"]
[Result "1/2-1/2"]
[WhiteElo "1911"]
[BlackElo "2201"]
[PlyCount "118"]
[EventDate "2024.03.12"]
[EventType "swiss (blitz)"]
[EventRounds "11"]
[EventCountry "USA"]
[SourceTitle "CBM 219 Extra"]
[Source "ChessBase"]
[SourceDate "2024.05.31"]
[SourceVersion "1"]
[SourceVersionDate "2024.05.31"]
[SourceQuality "1"]

1. e4 c5 2. Nf3 Nc6 3. d4 cxd4 4. Nxd4 Nf6 5. Nc3 e6 6. g3 Bb4 7. Bg2 d5 8. 0-0 Bxc3 9. bxc3 dxe4 10. Nxc6 Qxd1 11. Rxd1 bxc6 12. c4 Bd7 13. Bb2 0-0-0 14. Bxf6 gxf6 15. Bxe4 f5 16. Bf3 c5 17. Rab1 Ba4 18. Rxd8+ Rxd8 19. Rb7 Rd7 20. Rxd7 Kxd7 21. Bd1 Kd6 22. f4 e5 23. Kf2 e4 24. Ke3 Bd7 25. c3 Kc7 26. h3 Be6 27. Be2 Kb6 28. g4 Ka5 29. gxf5 Bxf5 30. Bg4 Bxg4 31. hxg4 Ka4 32. Kxe4 Ka3 33. Kd5 Kxa2 34. Kxc5 Kb3 35. Kd5 a5 36. c5 a4 37. c6 a3 38. c7 a2 39. c8Q a1Q 40. Qc4+ Kc2 41. Qe2+ Kb3 42. Qc4+ Kc2 43. Qe4+ Kb2 44. Qb4+ Kc1 45. c4 Qa8+ 46. Kd6 Qd8+ 47. Kc6 Qc8+ 48. Kb6 Qb8+ 49. Kc5 Qxf4 50. Qc3+ Kb1 51. Qd3+ Kc1 52. Qc3+ Kb1 53. Qd3+ Kc1 54. Qd4 Qc7+ 55. Kb4 Qb7+ 56. Ka4 Qa6+ 57. Kb4 Qb7+ 58. Ka4 Qc6+ 59. Kb4 Qb7+ 1/2-1/2

[Event "Titled Tuesday intern op 20th Feb Late"]
[Site "Chess.com INT"]
[Date "2024.02.20"]
[Round "6"]
[White "Gokhale, Rishabh Chandrashek"]
[Black "Wang, Alexander J"]
[Result "1-0"]
[WhiteElo "2078"]
[BlackElo "1851"]
[PlyCount "40"]
[EventDate "2024.02.20"]
[EventType "swiss (blitz)"]
[EventRounds "11"]
[EventCountry "USA"]
[SourceTitle "EXT 2025"]
[Source "ChessBase"]
[SourceDate "2024.10.14"]
[SourceVersion "1"]
[SourceVersionDate "2024.10.14"]
[SourceQuality "1"]

1. Nf3 d5 2. c4 e6 3. g3 c5 4. Bg2 Nc6 5. 0-0 Nf6 6. cxd5 exd5 7. d4 Be7 8. Nc3 0-0 9. dxc5 d4 10. Na4 Bf5 11. Bf4 Rc8 12. Rc1 Nd5 13. Bd6 Bxd6 14. cxd6 Qxd6 15. Nxd4 Nxd4 16. Qxd4 Rxc1 17. Rxc1 Be6 18. Rd1 Rd8 19. Nc3 Nxc3 20. Qxd6 Nxe2+ 1-0

[Event "Titled Tuesday intern op 20th Feb Late"]
[Site "Chess.com INT"]
[Date "2024.02.20"]
[Round "3"]
[White "Martinez Martin, David"]
[Black "Wang, Alexander J"]
[Result "1-0"]
[WhiteElo "2388"]
[BlackElo "1851"]
[PlyCount "63"]
[EventDate "2024.02.20"]
[EventType "swiss (blitz)"]
[EventRounds "11"]
[EventCountry "USA"]
[SourceTitle "EXT 2025"]
[Source "ChessBase"]
[SourceDate "2024.10.14"]
[SourceVersion "1"]
[SourceVersionDate "2024.10.14"]
[SourceQuality "1"]

1. e4 c5 2. Nf3 d6 3. d4 cxd4 4. Nxd4 Nf6 5. Nc3 g6 6. Be3 Bg7 7. f3 0-0 8. Qd2 Nc6 9. 0-0-0 d5 10. Nxc6 bxc6 11. Bc4 e6 12. Bb3 Nd7 13. h4 a5 14. h5 a4 15. Nxa4 c5 16. Nxc5 Nxc5 17. Bxc5 Re8 18. hxg6 hxg6 19. exd5 exd5 20. Kb1 Bf5 21. g4 Qf6 22. Bd4 Qxd4 23. Qxd4 Bxd4 24. gxf5 Bf6 25. fxg6 Rad8 26. gxf7+ Kxf7 27. Bxd5+ Kg7 28. Rdg1+ Kf8 29. Rg8+ Ke7 30. Re1+ Kd7 31. Rgxe8 Rxe8 32. Bc6+ 1-0